000 006080000a22001810004500
090 _aAR
_b01261
245 1 0 _aNew species of Vampyrops (<Chiroptera: Phyllostomatidae>) from South America
650 1 4 _aVampiros
_994545
650 1 4 _aTaxonomía animal
_98245
650 1 4 _aMorfología animal
_99953
651 4 _pAmérica del Sur
_992749
653 _fPhyllostomatidae
_gVampyrops
_eVampyrops helleri
041 0 _aInglés
700 1 _aCarter, Dilford C.
_994546
100 1 _aRouk, C. Standley
_994547
942 _cARTICULO
773 1 _tOccasional Papers: Museum of Texas Tech University
_3430
_h1
_q1-7
_d1972
999 _c10346
_d10346